Jumbled Syllables - Special "Countries" - Statistics

General Stats
  • This quiz has been taken 62 times
  • The average score is 31 of 36
Answer Stats
Syllables Country % Correct
ZIL Brazil
94%
BRA Brazil
94%
FRA France
94%
NCE France
94%
TRA Australia
91%
AUS Australia
91%
LIA Australia
91%
GUI Guinea
91%
NEA Guinea
91%
SIA Indonesia
91%
IND Indonesia
91%
ONE Indonesia
91%
ELA Venezuela
91%
EZU Venezuela
91%
VEN Venezuela
91%
LI Belize
84%
BE Belize
84%
ZE Belize
84%
JI Fiji
84%
FI Fiji
84%
NZ Tanzania
84%
AN Tanzania
84%
IA Tanzania
84%
TA Tanzania
84%
IA Malaysia
81%
YS Malaysia
81%
MA Malaysia
81%
LA Malaysia
81%
PO Portugal
81%
RT Portugal
81%
AL Portugal
81%
UG Portugal
81%
DO Dominica
78%
CA Dominica
78%
MI Dominica
78%
NI Dominica
78%
No matching quizzes found
Score Distribution
Percent of People with Each Score
Percentile by Number Answered
Your Score History
You have not taken this quiz